000 00408nam a22001577a 4500
008 131004b xxu||||| |||| 00| 0 eng d
020 _a3815814766
041 0 _aeng
080 _a004.04
100 1 _aDrilling, Thomas
245 1 0 _aLinux Kompakt /
_c Thomas Drilling
260 _aDusseldorf :
_bData Becker,
_c2000
300 _a489 f. :
_bme il. ;
_c19 cm.
650 0 _aSoftuer kompjuteri
942 _2udc
_cBK
999 _c29
_d29